| 000 | 00936cam a22002891a 4500 | ||
|---|---|---|---|
| 001 | 016110454 | ||
| 003 | OSt | ||
| 005 | 20150325120824.0 | ||
| 008 | 120626t2012 nyua f bd 001 0 eng | ||
| 020 | _a9780071316132 | ||
| 020 | _a0071316132 | ||
| 040 |
_aUk _beng _cUk _dEG-ScBUE |
||
| 082 | 0 | 0 |
_a616.9041 _bMIC _222 |
| 245 | 0 | 0 |
_aMicrobiology : _ba human perspective / _cEugene W. Nester ... [et al.] |
| 250 | _a7th ed., McGraw-Hill international ed. | ||
| 260 |
_aNew York : _bMcGraw-Hill, _cc.2012. |
||
| 300 |
_a[Various pagings] : _bill. (col.) ; _c28 cm. |
||
| 500 | _aIncludes appendix. | ||
| 500 | _aIncludes glossary. | ||
| 500 | _ainternational student edition is for use outside the U.S. | ||
| 504 | _aIncludes bibliographical references and index. | ||
| 650 | 0 |
_aMicrobiology. _923968 |
|
| 653 |
_bPPhrm _cMarch2015 |
||
| 655 |
_vtext book _933728 |
||
| 700 | 1 |
_aNester, Eugene W. _937476 |
|
| 942 |
_2ddc _k616.9041 MIC |
||
| 999 |
_c19116 _d19088 |
||